Catalog

Record Details

Catalog Search



A shoot on Martha's Vineyard #9: a Martha's ... Read More

Available copies

  • 1 of 1 copy available at LARL/NWRL Consortium.
  • 1 of 1 copy available at Northwest Regional Library. (Show preferred library)

Current holds

0 current holds with 1 total copy.

Show All Copies
Location Call Number / Copy Notes Barcode Shelving Location Status Due Date
Roseau Public Library CRA (Text) 35500002557930 Main Available -

Record details

  • ISBN: 0684834545
  • Physical Description: 285 p., map ; 22 cm.
  • Publisher: New York : Scribner, c1998.
Subject: Jackson, Jeff (Fictitious character) > Fiction.
Private investigators > Massachusetts > Martha's Vineyard > Fiction.
Martha's Vineyard (Mass.) > Fiction.
Genre: Mystery fiction.
Detective and mystery stories.
LDR 01191nam a2200313Ia 4500
00123117
003LARL_NWRL_CONSORTIUM
00519980608113915.0
008971205s1998 nyub 000 1 eng
020 . ‡a0684834545
035 . ‡a(OCoLC)38073390
043 . ‡an-us-ma
08200. ‡a813/.54 ‡221
099 . ‡aCra
1001 . ‡aCraig, Philip R., ‡d1933-2007. ‡0(LARL_NWRL_CONSORTIUM)97143
24512. ‡aA shoot on Martha's Vineyard ‡n#9: ‡ba Martha's Vineyard mystery / ‡cPhilip R. Craig.
260 . ‡aNew York : ‡bScribner, ‡cc1998.
300 . ‡a285 p., map ; ‡c22 cm.
4900 . ‡aMartha's Vineyard ; ‡v9
650 0. ‡aJackson, Jeff (Fictitious character) ‡vFiction. ‡0(LARL_NWRL_CONSORTIUM)169722
650 0. ‡aPrivate investigators ‡zMassachusetts ‡zMartha's Vineyard ‡vFiction. ‡0(LARL_NWRL_CONSORTIUM)174430
651 0. ‡aMartha's Vineyard (Mass.) ‡vFiction. ‡0(LARL_NWRL_CONSORTIUM)166140
655 7. ‡aMystery fiction. ‡2gsafd
655 0. ‡aDetective and mystery stories.
901 . ‡a23117 ‡bOCLC ‡c23117 ‡tbiblio

Additional Resources